000 00578nam a2200217Ia 4500
003 OSt
005 20220918192028.0
006 a|||||r|||| 00| 0
007 ta
008 220917b |||||||| |||| 00| 0 eng d
024 _a66,585
037 _cTextual
040 _aARTS
_cARTS
_beng
041 _2eng
_aeng
082 _aR3xJ96:9, J7
100 _aJoachim Harold H
245 0 _aDescartes's rules for the direction of the mind , ed by Errol E Harris
260 _c1957
942 _hR3xJ96:9, J7
_cTEXL
_2CC
999 _c192818
_d192818